<?xml version="1.0" encoding="UTF-8"?><?xml-stylesheet type="text/xsl" href="static/style.xsl"?><OAI-PMH xmlns="http://www.openarchives.org/OAI/2.0/" xmlns:xsi="http://www.w3.org/2001/XMLSchema-instance" xsi:schemaLocation="http://www.openarchives.org/OAI/2.0/ http://www.openarchives.org/OAI/2.0/OAI-PMH.xsd"><responseDate>2026-04-13T07:01:55Z</responseDate><request verb="GetRecord" identifier="oai:www.recercat.cat:2445/172471" metadataPrefix="marc">https://recercat.cat/oai/request</request><GetRecord><record><header><identifier>oai:recercat.cat:2445/172471</identifier><datestamp>2025-12-04T21:11:22Z</datestamp><setSpec>com_2072_1057</setSpec><setSpec>col_2072_478781</setSpec><setSpec>col_2072_478917</setSpec></header><metadata><record xmlns="http://www.loc.gov/MARC21/slim" xmlns:dcterms="http://purl.org/dc/terms/" xmlns:xsi="http://www.w3.org/2001/XMLSchema-instance" xmlns:doc="http://www.lyncode.com/xoai" xsi:schemaLocation="http://www.loc.gov/MARC21/slim http://www.loc.gov/standards/marcxml/schema/MARC21slim.xsd">
   <leader>00925njm 22002777a 4500</leader>
   <datafield ind2=" " ind1=" " tag="042">
      <subfield code="a">dc</subfield>
   </datafield>
   <datafield ind2=" " ind1=" " tag="720">
      <subfield code="a">de Salazar, Lydia</subfield>
      <subfield code="e">author</subfield>
   </datafield>
   <datafield ind2=" " ind1=" " tag="720">
      <subfield code="a">Torregrosa-Garcia, Antonio</subfield>
      <subfield code="e">author</subfield>
   </datafield>
   <datafield ind2=" " ind1=" " tag="720">
      <subfield code="a">Luque-Rubia, Antonio J.</subfield>
      <subfield code="e">author</subfield>
   </datafield>
   <datafield ind2=" " ind1=" " tag="720">
      <subfield code="a">Avila-Gandia, Vicente</subfield>
      <subfield code="e">author</subfield>
   </datafield>
   <datafield ind2=" " ind1=" " tag="720">
      <subfield code="a">Domingo i Pedrol, Joan Carles</subfield>
      <subfield code="e">author</subfield>
   </datafield>
   <datafield ind2=" " ind1=" " tag="720">
      <subfield code="a">López Román, Fco. Javier</subfield>
      <subfield code="e">author</subfield>
   </datafield>
   <datafield ind2=" " ind1=" " tag="260">
      <subfield code="c">2020-11-30T17:52:43Z</subfield>
   </datafield>
   <datafield ind2=" " ind1=" " tag="260">
      <subfield code="c">2020-11-30T17:52:43Z</subfield>
   </datafield>
   <datafield ind2=" " ind1=" " tag="260">
      <subfield code="c">2020-11-18</subfield>
   </datafield>
   <datafield ind2=" " ind1=" " tag="260">
      <subfield code="c">2020-11-30T17:52:43Z</subfield>
   </datafield>
   <datafield ind2=" " ind1=" " tag="520">
      <subfield code="a">Docosahexaenoic acid (DHA) supplementation can reduce exercise-induced oxidative stress generated during long aerobic exercise, with the minimum dose yet to be elucidated for physically active subjects. In this study, we performed a dose finding with re-esterified DHA in triglyceride form in a randomized double-blind parallel trial at different doses (350, 1050, 1750, and 2450 mg a day) for 4 weeks in males engaged in regular cycling (n = 100, 7.6 ± 3.7 h/week). The endogenous antioxidant capacity of DHA was quantified as a reduction in the levels of the oxidative stress marker 8-hydroxy-2'-deoxyguanosine (8-OHdG) recollected in 24-h urine samples after 90 min of constant load cycling before and after intervention. To ascertain incorporation of DHA, erythrocyte polyunsaturated fatty acid (PUFA) composition was compared along groups. We found a dose-dependent antioxidant capacity of DHA from 1050 mg with a trend to neutralization for the highest dose of 2450 mg (placebo: n = 13, F = 0.041; 350 mg: n = 10, F = 0.268; 1050 mg: n = 11, F = 7.112; 1750 mg: n = 12, F = 9.681; 2450 mg: n = 10, F = 15.230). In the erythrocyte membrane, the re-esterified DHA increased DHA and omega-3 percentage and decreased omega 6 and the omega-6 to omega-3 ratio, while Eicosapentaenoic acid (EPA) and PUFA remained unchanged. Supplementation of re-esterified DHA exerts a dose-dependent endogenous antioxidant property against moderate-intensity long-duration aerobic exercise in physically active subjects when provided at least 1050 mg a day for 4 weeks.</subfield>
   </datafield>
   <datafield tag="653" ind2=" " ind1=" ">
      <subfield code="a">Estrès oxidatiu</subfield>
   </datafield>
   <datafield tag="653" ind2=" " ind1=" ">
      <subfield code="a">Oxidative stress</subfield>
   </datafield>
   <datafield ind2="0" ind1="0" tag="245">
      <subfield code="a">Oxidative stress in endurance cycling is reduced dose-dependently after one month of re-esterified DHA supplementation</subfield>
   </datafield>
</record></metadata></record></GetRecord></OAI-PMH>